[Event "SE-2016-0-00225"]
[Site "LSS email"]
[Date "2016.04.03"]
[Round "?"]
[White "Baumann, Arend"]
[Black "Wilshusen, Horst"]
[Result "0-1"]
[WhiteElo "1277"]
[BlackElo "1291"]
[PlyCount "78"]
[EventDate "2016.02.21"]
[EventType "tourn (corr)"]
[EventRounds "6"]
[EventCountry "GER"]
[SourceTitle "Corr 2022"]
[Source "ChessBase"]
[SourceDate "2021.10.24"]
[SourceVersion "1"]
[SourceVersionDate "2021.10.24"]
[SourceQuality "1"]

1. d4 Nf6 2. c4 e6 3. Nf3 Bb4+ 4. Bd2 Qe7 5. e3 Bxd2+ 6. Nbxd2 d6 7. Bd3 e5 8. e4 Bg4 9. d5 b6 10. 0-0 0-0 11. b4 a5 12. a3 axb4 13. axb4 Nbd7 14. Qc2 Nh5 15. h3 Bxf3 16. Nxf3 g6 17. Nh2 Nf4 18. Kh1 Qg5 19. f3 Nf6 20. Rfc1 N6h5 21. g4 Nf6 22. Bf1 Qh4 23. c5 bxc5 24. bxc5 Nxh3 25. Bxh3 Qxh3 26. cxd6 cxd6 27. Rxa8 Rxa8 28. Qg2 Qxg2+ 29. Kxg2 Ne8 30. Nf1 f6 31. Kg3 Kg7 32. Ne3 Ra7 33. Rc8 Nc7 34. Nc4 Nb5 35. Rc6 Nd4 36. Nxd6 Nxc6 37. dxc6 Kf8 38. Nb5 Ra8 39. Nd6 Ke7 0-1

[Event "SE-2016-0-00225"]
[Site "LSS email"]
[Date "2016.03.30"]
[Round "?"]
[White "Baumann, Arend"]
[Black "Grillo, Roberto"]
[Result "0-1"]
[WhiteElo "1277"]
[BlackElo "800"]
[PlyCount "50"]
[EventDate "2016.02.21"]
[EventType "tourn (corr)"]
[EventRounds "6"]
[EventCountry "GER"]
[SourceTitle "Corr 2022"]
[Source "ChessBase"]
[SourceDate "2021.10.24"]
[SourceVersion "1"]
[SourceVersionDate "2021.10.24"]
[SourceQuality "1"]

1. d4 Nf6 2. c4 g6 3. Nc3 d5 4. cxd5 Nxd5 5. e4 Nxc3 6. bxc3 Bg7 7. Bc4 c5 8. Ne2 Nc6 9. Be3 0-0 10. 0-0 Qc7 11. Rc1 b6 12. Nf4 e6 13. dxc5 Ne5 14. Be2 bxc5 15. Qc2 Bb7 16. Rfd1 Bc6 17. f3 Qa5 18. Rd6 Rad8 19. Rcd1 Ba4 20. Qxa4 Qxa4 21. Rxd8 Qa5 22. Rxf8+ Bxf8 23. c4 Qxa2 24. Rd8 g5 25. Bxc5 Nd7 0-1

[Event "SE-2016-0-00225"]
[Site "LSS email"]
[Date "2016.03.21"]
[Round "?"]
[White "Baumann, Arend"]
[Black "Raines, David T"]
[Result "0-1"]
[WhiteElo "1277"]
[BlackElo "1151"]
[PlyCount "102"]
[EventDate "2016.02.21"]
[EventType "tourn (corr)"]
[EventRounds "6"]
[EventCountry "GER"]
[SourceTitle "Corr 2022"]
[Source "ChessBase"]
[SourceDate "2021.10.24"]
[SourceVersion "1"]
[SourceVersionDate "2021.10.24"]
[SourceQuality "1"]

1. d4 Nf6 2. c4 e6 3. Nf3 b6 4. g3 Bb7 5. Bg2 Bb4+ 6. Bd2 Be7 7. 0-0 0-0 8. Nc3 d5 9. b3 Nbd7 10. Rc1 a6 11. cxd5 exd5 12. Qc2 c5 13. Rfd1 Rc8 14. Qf5 c4 15. bxc4 dxc4 16. Bg5 b5 17. Ne5 Bxg2 18. Kxg2 Re8 19. Ne4 g6 20. Qf4 Rf8 21. Bh6 Nd5 22. Qg4 N7f6 23. Nxf6+ Nxf6 24. Qf3 Re8 25. Nc6 Qd5 26. Nxe7+ Rxe7 27. Bg5 Qxf3+ 28. Kxf3 Re6 29. d5 Rb6 30. d6 Nd7 31. Bf4 Kg7 32. e4 f6 33. h4 Re8 34. Rd5 Kf7 35. Be3 Rb7 36. Bd4 Ne5+ 37. Bxe5 Rxe5 38. Rcd1 Rxd5 39. Rxd5 Rd7 40. a4 b4 41. Rc5 Rxd6 42. Rxc4 Rb6 43. a5 Rb5 44. Ke3 b3 45. Rc1 Rxa5 46. Rb1 Rb5 47. Kd4 Ke6 48. f3 a5 49. Kc4 Rb4+ 50. Kc3 Ke5 51. Rb2 h6 0-1

[Event "CP-2015-P-00037"]
[Site "LSS email"]
[Date "2015.09.28"]
[Round "?"]
[White "Baumann, Arend"]
[Black "Mudra, Oldrich"]
[Result "0-1"]
[WhiteElo "1280"]
[BlackElo "2122"]
[PlyCount "44"]
[EventDate "2015.10.01"]
[EventType "tourn (corr)"]
[EventRounds "6"]
[EventCountry "GER"]
[SourceTitle "Corr 2022"]
[Source "ChessBase"]
[SourceDate "2021.10.24"]
[SourceVersion "1"]
[SourceVersionDate "2021.10.24"]
[SourceQuality "1"]

1. d4 Nf6 2. c4 e6 3. Nf3 b6 4. Nc3 Bb7 5. e3 Bb4 6. Be2 Ne4 7. Qc2 f5 8. 0-0 0-0 9. Rd1 Bxc3 10. bxc3 d6 11. a4 Nc6 12. Ba3 Qf6 13. Rab1 Rac8 14. c5 dxc5 15. Bxc5 Nxc5 16. dxc5 Na5 17. Nd4 bxc5 18. Nb3 Be4 19. Bd3 Bxd3 20. Rxd3 c4 21. Nxa5 cxd3 22. Qxd3 Rb8 0-1

[Event "IECC CL0-2015.00 email"]
[Site "IECC email"]
[Date "2015.09.15"]
[Round "?"]
[White "Lombardi, Donato"]
[Black "Baumann, Arend"]
[Result "1/2-1/2"]
[WhiteElo "809"]
[BlackElo "1268"]
[PlyCount "75"]
[EventDate "2015.08.09"]
[EventType "tourn (corr)"]
[EventRounds "4"]
[SourceTitle "Corr 2022"]
[Source "ChessBase"]
[SourceDate "2021.10.24"]
[SourceVersion "1"]
[SourceVersionDate "2021.10.24"]
[SourceQuality "1"]

1. e4 e6 2. d4 d5 3. exd5 exd5 4. Bd3 Nf6 5. Nf3 Bd6 6. 0-0 0-0 7. Bg5 Bg4 8. Nbd2 Nbd7 9. c3 c6 10. Qc2 h6 11. Bh4 Re8 12. Bf5 Bxf5 13. Qxf5 Qc7 14. Rfe1 g6 15. Qd3 Ne4 16. Nxe4 dxe4 17. Rxe4 Nb6 18. Rae1 Rxe4 19. Rxe4 Nd5 20. Bg3 Bxg3 21. hxg3 Nf6 22. Re2 Rd8 23. Qe3 Nd5 24. Qd3 Qa5 25. c4 Qa6 26. Rd2 Nf6 27. a3 Re8 28. b4 Qb6 29. c5 Qc7 30. Ne5 Re6 31. Nf3 Nd5 32. Ne5 Qe7 33. Re2 Kg7 34. Rd2 Qg5 35. Nf3 Qe7 36. Ne5 Qg5 37. Nf3 Qe7 38. Ne5 1/2-1/2

[Event "IECC CL0-2015.00 email"]
[Site "IECC email"]
[Date "2015.09.13"]
[Round "?"]
[White "Baumann, Arend"]
[Black "Raines, David T"]
[Result "1-0"]
[WhiteElo "1268"]
[BlackElo "1166"]
[PlyCount "51"]
[EventDate "2015.08.09"]
[EventType "tourn (corr)"]
[EventRounds "4"]
[SourceTitle "Corr 2022"]
[Source "ChessBase"]
[SourceDate "2021.10.24"]
[SourceVersion "1"]
[SourceVersionDate "2021.10.24"]
[SourceQuality "1"]

1. d4 d5 2. c4 c6 3. Nf3 Nf6 4. h3 e6 5. Bf4 Bd6 6. Bxd6 Qxd6 7. e3 Nbd7 8. Nc3 0-0 9. Rc1 a6 10. a3 dxc4 11. Bxc4 b5 12. Bd3 a5 13. 0-0 Ba6 14. Ne4 Nxe4 15. Bxe4 Rfc8 16. Re1 Nf6 17. Bb1 b4 18. a4 Rd8 19. Ne5 Rac8 20. Qc2 Bb7 21. Nc4 Qc7 22. e4 c5 23. e5 Ne4 24. Rxe4 Bxe4 25. Qxe4 g6 26. Nd6 1-0

[Event "OP-2015-0-03813"]
[Site "LSS email"]
[Date "2015.09.10"]
[Round "?"]
[White "Baumann, Arend"]
[Black "Narkun, Michal"]
[Result "0-1"]
[WhiteElo "1298"]
[BlackElo "2413"]
[PlyCount "24"]
[EventDate "2015.09.06"]
[EventType "tourn (corr)"]
[EventRounds "4"]
[EventCountry "GER"]
[SourceTitle "Corr 2022"]
[Source "ChessBase"]
[SourceDate "2021.10.24"]
[SourceVersion "1"]
[SourceVersionDate "2021.10.24"]
[SourceQuality "1"]

1. d4 f5 2. Bg5 g6 3. h4 Bg7 4. h5 h6 5. hxg6 hxg5 6. Rxh8 Bxh8 7. e4 fxe4 8. Qh5 Bg7 9. Qxg5 d5 10. Nc3 e6 11. Qf4 Qe7 12. 0-0-0 Bh6 0-1

[Event "OP-2015-0-03813"]
[Site "LSS email"]
[Date "2015.09.10"]
[Round "?"]
[White "Pech, Stepan"]
[Black "Baumann, Arend"]
[Result "1-0"]
[WhiteElo "1405"]
[BlackElo "1298"]
[PlyCount "71"]
[EventDate "2015.09.06"]
[EventType "tourn (corr)"]
[EventRounds "4"]
[EventCountry "GER"]
[SourceTitle "Corr 2022"]
[Source "ChessBase"]
[SourceDate "2021.10.24"]
[SourceVersion "1"]
[SourceVersionDate "2021.10.24"]
[SourceQuality "1"]

1. d4 Nf6 2. c4 c5 3. d5 d6 4. Nc3 g6 5. e4 Bg7 6. Be2 0-0 7. Bg5 Nbd7 8. Qd2 Re8 9. Nf3 Nf8 10. h3 e6 11. 0-0 e5 12. Nh2 a6 13. a3 Bd7 14. Ng4 Bxg4 15. hxg4 Qd7 16. Qd1 h6 17. Be3 Rab8 18. f3 Qd8 19. Qd2 Kh7 20. Rfb1 N8d7 21. g3 Rh8 22. Kg2 h5 23. g5 Ne8 24. Rh1 Kg8 25. b4 Qc7 26. Rag1 Rc8 27. Na4 Rb8 28. Rb1 b5 29. cxb5 axb5 30. Nc3 c4 31. a4 bxa4 32. Nxa4 f5 33. b5 fxe4 34. fxe4 Bf8 35. b6 Qc8 36. Qc3 1-0

[Event "LSS No Engine Cup 136 Preliminary 0"]
[Site "LSS email"]
[Date "2015.08.07"]
[Round "?"]
[White "Bieszk, Stanislaw"]
[Black "Baumann, Arend"]
[Result "0-1"]
[WhiteElo "1491"]
[BlackElo "1344"]
[PlyCount "56"]
[EventDate "2015.08.08"]
[EventType "tourn (corr)"]
[EventRounds "6"]
[EventCountry "GER"]
[SourceTitle "Corr 2022"]
[Source "ChessBase"]
[SourceDate "2021.10.24"]
[SourceVersion "1"]
[SourceVersionDate "2021.10.24"]
[SourceQuality "1"]

1. e4 e6 2. Nc3 d5 3. Nf3 dxe4 4. Nxe4 Nd7 5. d4 Ngf6 6. Bg5 Be7 7. Nxf6+ Nxf6 8. Bd3 0-0 9. Qe2 h6 10. h4 b6 11. 0-0-0 Bb7 12. Rdg1 c5 13. dxc5 Bxc5 14. g4 Qd5 15. Rh3 Qxa2 16. c3 Nd5 17. Bxh6 gxh6 18. Qe4 Nf6 19. Qc4 Qxc4 20. Bxc4 Bxf2 21. Rg2 Be3+ 22. Kc2 Be4+ 23. Kb3 Bd5 24. Bxd5 Nxd5 25. g5 Nf4 26. gxh6+ Nxg2 27. Rg3+ Kh7 28. Rxg2 Bxh6 0-1

[Event "OP-2015-0-03782"]
[Site "LSS email"]
[Date "2015.08.05"]
[Round "?"]
[White "Baumann, Arend"]
[Black "Tolnai, Rudolf"]
[Result "1-0"]
[WhiteElo "1244"]
[BlackElo "992"]
[PlyCount "67"]
[EventDate "2015.07.27"]
[EventType "tourn (corr)"]
[EventRounds "4"]
[EventCountry "GER"]
[SourceTitle "Corr 2022"]
[Source "ChessBase"]
[SourceDate "2021.10.24"]
[SourceVersion "1"]
[SourceVersionDate "2021.10.24"]
[SourceQuality "1"]

1. d4 d5 2. c4 c6 3. Nc3 Bf5 4. Qb3 Qc7 5. cxd5 e6 6. dxc6 Nxc6 7. e3 Bb4 8. Nf3 Nf6 9. Bb5 Bxc3+ 10. bxc3 0-0 11. Bxc6 Qxc6 12. Ba3 Rfc8 13. Rc1 h6 14. 0-0 Be4 15. Ne5 Qd5 16. f3 Bh7 17. c4 Qa5 18. Bb4 Qc7 19. Rfd1 a5 20. Be1 Nd7 21. Bg3 Nxe5 22. Bxe5 Qc6 23. e4 a4 24. Qe3 f6 25. Bg3 f5 26. d5 exd5 27. cxd5 Qe8 28. e5 Rxc1 29. Rxc1 Rd8 30. Rd1 b5 31. e6 Bg6 32. Bc7 Rc8 33. d6 Rxc7 34. dxc7 1-0

[Event "OP-2015-0-03768"]
[Site "LSS email"]
[Date "2015.07.14"]
[Round "?"]
[White "Baumann, Arend"]
[Black "Couspeyre, Thierry"]
[Result "0-1"]
[WhiteElo "1235"]
[BlackElo "1237"]
[PlyCount "116"]
[EventDate "2015.07.09"]
[EventType "tourn (corr)"]
[EventRounds "4"]
[EventCountry "GER"]
[SourceTitle "Corr 2022"]
[Source "ChessBase"]
[SourceDate "2021.10.24"]
[SourceVersion "1"]
[SourceVersionDate "2021.10.24"]
[SourceQuality "1"]

1. b3 Nf6 2. Bb2 d5 3. e3 Bg4 4. Be2 Bxe2 5. Nxe2 e6 6. 0-0 Bd6 7. Na3 Nc6 8. Nb5 Be5 9. Bxe5 Nxe5 10. d4 Ned7 11. c4 0-0 12. Rc1 c6 13. Nbc3 dxc4 14. bxc4 e5 15. Qb3 Rb8 16. Rfd1 e4 17. Ng3 Qe7 18. Nce2 Qe6 19. Nf4 Qg4 20. d5 c5 21. h3 Qg5 22. Qc2 Rfe8 23. Rb1 Qe5 24. Rb3 b6 25. a4 h5 26. Qb2 g6 27. Rb1 h4 28. Nf1 g5 29. Ne2 Nh5 30. Qxe5 Nxe5 31. Nd2 f5 32. a5 Nd7 33. axb6 Rxb6 34. Rxb6 Nxb6 35. Ra1 Re7 36. Nc3 f4 37. Nb5 fxe3 38. fxe3 Ng3 39. Nxa7 Nf5 40. Kf2 Nd6 41. Nc6 Rf7+ 42. Ke2 Ndxc4 43. Nxe4 Nxd5 44. Ra8+ Kg7 45. Nxg5 Rf6 46. Na5 Ncxe3 47. Rd8 Nxg2 48. Ne4 Re6 49. Kf2 Rxe4 50. Rxd5 Nf4 51. Rg5+ Kf6 52. Rg4 Nxh3+ 53. Kf3 Kf5 54. Rxe4 Ng5+ 55. Kg2 Nxe4 56. Kh3 Kg5 57. Nc4 Ng3 58. Ne5 Nf5 0-1

[Event "OP-2015-0-03768"]
[Site "LSS email"]
[Date "2015.07.13"]
[Round "?"]
[White "Hynd, William"]
[Black "Baumann, Arend"]
[Result "0-1"]
[WhiteElo "1244"]
[BlackElo "1235"]
[PlyCount "44"]
[EventDate "2015.07.09"]
[EventType "tourn (corr)"]
[EventRounds "4"]
[EventCountry "GER"]
[SourceTitle "Corr 2022"]
[Source "ChessBase"]
[SourceDate "2021.10.24"]
[SourceVersion "1"]
[SourceVersionDate "2021.10.24"]
[SourceQuality "1"]

1. d4 Nf6 2. Nf3 g6 3. c4 c5 4. d5 b5 5. Nc3 bxc4 6. e4 d6 7. Bxc4 Bg7 8. 0-0 0-0 9. Qc2 Ba6 10. Bxa6 Nxa6 11. a3 Nc7 12. Bg5 Qd7 13. Qd2 Rab8 14. Rab1 Nb5 15. Nxb5 Qxb5 16. b4 Nxe4 17. Qc1 Nxg5 18. Nxg5 cxb4 19. Rxb4 Qxd5 20. Rd1 Rbc8 21. Rb1 Rxc1 22. Rbxc1 Qxg5 0-1

[Event "LSS No Engine Cup 133 Preliminary 0"]
[Site "LSS email"]
[Date "2015.06.21"]
[Round "?"]
[White "Baumann, Arend"]
[Black "Heiser, Jerome"]
[Result "1-0"]
[WhiteElo "1323"]
[BlackElo "905"]
[PlyCount "53"]
[EventDate "2015.06.22"]
[EventType "tourn (corr)"]
[EventRounds "6"]
[EventCountry "GER"]
[SourceTitle "Corr 2022"]
[Source "ChessBase"]
[SourceDate "2021.10.24"]
[SourceVersion "1"]
[SourceVersionDate "2021.10.24"]
[SourceQuality "1"]

1. d4 d5 2. c4 dxc4 3. Nc3 Nf6 4. e4 e6 5. Bxc4 Bb4 6. Bg5 b6 7. Qa4+ Qd7 8. Qxb4 Bb7 9. Bxf6 gxf6 10. Nf3 Rg8 11. 0-0-0 Rxg2 12. Rhg1 Nc6 13. Qa3 Rxg1 14. Rxg1 Qe7 15. Qa4 Qd7 16. d5 exd5 17. exd5 Na5 18. Bb5 c6 19. dxc6 Nxc6 20. Nd4 0-0-0 21. Nxc6 Qd2+ 22. Kb1 Bxc6 23. Bxc6 a5 24. Qc4 Qd3+ 25. Qxd3 Rxd3 26. Nd5 Rd2 27. Rg8# 1-0

[Event "IECC CL0-2015.00 email"]
[Site "IECC email"]
[Date "2015.06.15"]
[Round "?"]
[White "Raines, David T"]
[Black "Baumann, Arend"]
[Result "0-1"]
[WhiteElo "1084"]
[BlackElo "1240"]
[PlyCount "50"]
[EventDate "2015.05.27"]
[EventType "tourn (corr)"]
[EventRounds "4"]
[SourceTitle "Corr 2022"]
[Source "ChessBase"]
[SourceDate "2021.10.24"]
[SourceVersion "1"]
[SourceVersionDate "2021.10.24"]
[SourceQuality "1"]

1. d4 Nf6 2. Nf3 g6 3. Bg5 Bg7 4. Nc3 0-0 5. e4 d6 6. Qd2 Bg4 7. 0-0-0 Bxf3 8. gxf3 c6 9. h4 h5 10. f4 Qa5 11. Kb1 Na6 12. Bh3 Nb4 13. a3 Na6 14. f5 b5 15. fxg6 fxg6 16. Be6+ Kh7 17. Bb3 b4 18. Na2 Nxe4 19. Qc1 bxa3 20. Be3 axb2 21. Qxb2 c5 22. Kc1 Rab8 23. c4 cxd4 24. Bxd4 Bxd4 25. Rxd4 Nac5 0-1

[Event "IECC CL0-2015.00 email"]
[Site "IECC email"]
[Date "2015.06.14"]
[Round "?"]
[White "Baumann, Arend"]
[Black "Devies, Stefaan"]
[Result "1/2-1/2"]
[WhiteElo "1240"]
[BlackElo "1112"]
[PlyCount "103"]
[EventDate "2015.05.27"]
[EventType "tourn (corr)"]
[EventRounds "4"]
[SourceTitle "Corr 2022"]
[Source "ChessBase"]
[SourceDate "2021.10.24"]
[SourceVersion "1"]
[SourceVersionDate "2021.10.24"]
[SourceQuality "1"]

1. d4 Nf6 2. c4 e6 3. Nf3 d5 4. Nc3 Be7 5. h3 dxc4 6. Bf4 Bd6 7. Bxd6 cxd6 8. Qa4+ Bd7 9. Qxc4 d5 10. Qb3 Bc6 11. e3 0-0 12. Bd3 Nbd7 13. 0-0 a6 14. Rac1 Rc8 15. Rfe1 Re8 16. Qd1 e5 17. dxe5 Nxe5 18. Nxe5 Rxe5 19. Ne2 Qd6 20. Nd4 Bd7 21. Qb3 Ne4 22. Qxb7 Nc5 23. Rxc5 Rxc5 24. b4 Rc7 25. Qxa6 Qxa6 26. Bxa6 Ba4 27. b5 Re8 28. Rb1 Rb8 29. b6 Rc3 30. Rb4 Ra3 31. Rb2 Bd7 32. Bd3 Rb7 33. Be2 Kf8 34. Kf1 Ke7 35. Ke1 Kd6 36. Nc2 Rc3 37. Kd2 Rc6 38. Nd4 Rcxb6 39. Rxb6+ Rxb6 40. Kc3 Rb1 41. Nf3 Bf5 42. a4 f6 43. Nd4 Bd7 44. Bd3 Ra1 45. Kb4 Rxa4+ 46. Kb3 Ra8 47. Bxh7 Kc5 48. Bd3 Ba4+ 49. Kc3 Bd7 50. Nb3+ Kd6 51. Kb2 Rb8 52. Kc3 1/2-1/2

[Event "Stuttgart-chA op"]
[Site "Ditzingen"]
[Date "2015.05.15"]
[Round "3"]
[White "Baumann, Arend"]
[Black "Pajer, Michael"]
[Result "1-0"]
[WhiteElo "2028"]
[BlackElo "1889"]
[PlyCount "101"]
[EventDate "2015.05.14"]
[EventType "swiss"]
[EventRounds "7"]
[EventCountry "GER"]
[SourceTitle "EXT 2018"]
[Source "ChessBase"]
[SourceDate "2017.10.13"]
[SourceVersion "1"]
[SourceVersionDate "2017.10.13"]
[SourceQuality "1"]

1. d4 d5 2. c4 c6 3. Nc3 Nf6 4. Nf3 g6 5. Bg5 Bg7 6. h3 0-0 7. e3 Qa5 8. Qd2 dxc4 9. Bxc4 b5 10. Bd3 Nbd7 11. 0-0 Bb7 12. Rfc1 Rac8 13. a3 Rfe8 14. b4 Qd8 15. Ra2 h6 16. Bf4 Nh5 17. Bh2 a6 18. Ne4 Nhf6 19. Nxf6+ Nxf6 20. Ne5 Nd7 21. Nxd7 Qxd7 22. Be4 e5 23. dxe5 Qxd2 24. Rxd2 Bxe5 25. Bxe5 Rxe5 26. Bf3 Re7 27. Rc5 Kf8 28. Rd6 Rec7 29. Kf1 Ke7 30. Rd4 Rd8 31. Rxd8 Kxd8 32. Ke2 Ke7 33. Kd3 Rd7+ 34. Kc3 Rd6 35. e4 f6 36. Be2 Kd7 37. f4 Kc7 38. Bd3 g5 39. e5 fxe5 40. fxe5 Rd5 41. Rxd5 cxd5 42. Kd4 Kd7 43. Bf5+ Ke7 44. Bg4 Kf7 45. g3 Kg6 46. Be6 h5 47. Bxd5 Bc8 48. Be4+ Kf7 49. h4 gxh4 50. gxh4 Ke6 51. Bg6 1-0

[Event "Stuttgart-chA op"]
[Site "Ditzingen"]
[Date "2015.05.14"]
[Round "1"]
[White "Baumann, Arend"]
[Black "Gutman, Lev"]
[Result "0-1"]
[WhiteElo "2028"]
[BlackElo "2438"]
[PlyCount "38"]
[EventDate "2015.05.14"]
[EventType "swiss"]
[EventRounds "7"]
[EventCountry "GER"]
[SourceTitle "EXT 2018"]
[Source "ChessBase"]
[SourceDate "2017.10.13"]
[SourceVersion "1"]
[SourceVersionDate "2017.10.13"]
[SourceQuality "1"]

1. d4 Nf6 2. c4 g6 3. Nc3 d5 4. Nf3 Bg7 5. e3 0-0 6. cxd5 Nxd5 7. Qb3 Nb6 8. Bd2 Nc6 9. Be2 e5 10. dxe5 Nxe5 11. Nxe5 Bxe5 12. Rd1 Qh4 13. g3 Qh3 14. Bf1 Qf5 15. Bg2 Be6 16. Qb4 Bc4 17. e4 Qh5 18. f3 Bd6 19. Nd5 Bxd5 0-1